000 00759cab a2200229 4500
001 WB3327-38
008 090401t1997 xxu||||| |||| 00| 0 eng d
035 _a(Sirsi) u79583
041 _aeng
245 _aSurveys, defects, repairs and loss
260 _c1997
350 _a0
490 _aEstates Gazette
_v(9727) 5 July 1997, 115(1)
520 _aDiscusses damages awarded against a negligent surveyor. Looks at case law in particular "Gardner v Marsh and Parsons" and diminution of value as a basis for damages.
650 _aGARDNER V MARSH & PARSONS AND ANOTHER
650 _aHUSSEY V EELS
650 _aLOSS
650 _aNEGLIGENCE
690 _aMANAGEMENT-BUSINESS MANAGEMENT-PROFESSIONAL PRACTICE
942 _n0
948 _c11/07/1997
999 _c50044
_d50044